Statistiken für Liedtext - In der Weihnachtsbäckerei - Rolf Zuckowski

Klicken Sie hier um das Quiz zu spielen!

Allgemein

  • Dieses Quiz wurde 1.153 mal gespielt
    (1.125 seit der letzten Aktualisierung)
  • Das Durchschnittsergebnis liegt bei 149 aus 187

Antwortstatistiken

Textquiz% Korrekt
der
100%
In
100%
Weihnachtsbäckerei
99%
es
98%
Gibt
98%
manche
98%
Mehl
98%
Und
98%
und
98%
so
96%
Ei
95%
Milch
95%
Zwischen
94%
ein
93%
Leckerei
92%
Eine
91%
Kleckerei
91%
Knilch
88%
mancher
88%
Macht
87%
das
85%
Das
85%
riesengroße
84%
wir
83%
die
81%
den
79%
ist
78%
Wer
77%
hat
76%
Rezept
76%
Platz
75%
Wo
75%
Plätzchen
74%
geblieben
73%
lieben
73%
backen
72%
Von
71%
dann
68%
Ofen
68%
Na
64%
müssen
62%
nach
61%
frei
60%
Schnauze
60%
Einfach
59%
an
57%
Verschleppt
56%
Vorbei
56%
Zimt
56%
bisschen
53%
Du
53%
packen
53%
kommt
52%
stimmt
51%
Verbrannt
51%
Brauchen
50%
brauchen
50%
verrühren
49%
Zucker
49%
Butter
48%
kneten
48%
rein
48%
Schokolade
47%
nicht
46%
probieren
46%
Schwein
45%
einmal
44%
Sind
44%
zum
44%
Denn
43%
auf
42%
Finger
42%
Ran
42%
Zwischendurch
42%
Nüsse
41%
Warten
39%
gespannt
38%
mal
38%
zur
37%
stechen
36%
Erstmal
35%
Schmeißt
35%
Seite
35%
Bitte
34%
treten
34%
Ofenblechen
33%
Succade
26%

Verteilung der Resultate

Perzentil nach korrekt beantworteten Fragen

Anzahl Personen mit jedem Resultat

Ihre Resultats-Entwicklung

Sie haben dieses Quiz seit der letzten Aktualisierung nicht gespielt